| 000 | 00897nam a2200229 a 4500 | ||
|---|---|---|---|
| 001 | 2515 | ||
| 003 | CDMR | ||
| 005 | 20131209133603.0 | ||
| 008 | 130130s1971||||||||||||||||||||||||||||d | ||
| 040 |
_aCDMR _bcat _cCDMR |
||
| 245 | 0 | 0 |
_aLenguaje y comunicación social _cEliseo Verón... [et al.] |
| 260 |
_aBuenos Aires _c1971 _bNueva Visión |
||
| 300 | _a228 p. | ||
| 490 | 0 | _aLenguaje y comunicación (Nueva Visión) | |
| 500 | _aTreballs del simposi, celebrat al Centro de Investigaciones Sociales del Instituto Torcuato di Tella, del 23 al 25 d'octubre de 1967, sota el títol "Teoría de la comunicación y modelos lingüísticos en ciencias sociales" | ||
| 650 | 0 | 4 |
_94377 _aLlenguatge i llengües |
| 650 | 0 | 4 |
_94410 _aComunicació no verbal |
| 650 | 0 | 4 |
_94289 _aComunicació _xAspectes socials |
| 650 | 0 | 4 |
_94399 _aComunicació _xCongressos |
| 700 | 1 |
_9414 _aVeron, Eliseo |
|
| 942 |
_cMON _2udc |
||
| 999 |
_c2515 _d2515 |
||